Mathematics for BCA 2nd semester, WBUT / (Record no. 1153)

MARC details
000 -LEADER
Fixed length control field 00469nam a2200169 4500
003 - CONTROL NUMBER IDENTIFIER
Control field SEACOMMC
005 - DATE AND TIME OF LATEST TRANSACTION
Control field 20250509131552.0
008 - FIXED-LENGTH DATA ELEMENTS--GENERAL INFORMATION
Fixed length control field 250326b |||||||| |||| 00| 0 eng d
020 ## - INTERNATIONAL STANDARD BOOK NUMBER / ISBN
International Standard Book Number 978*81-272-5077-5
Price Rs.140.00
040 ## - CATALOGING SOURCE
Original cataloging agency SEACOMMC
082 ## - DEWEY DECIMAL CLASSIFICATION NUMBER
Classification number 510
Book Number N 147
100 ## - MAIN ENTRY--PERSONAL NAME
Personal name Nag, N.K
245 1# - TITLE STATEMENT
Title Mathematics for BCA 2nd semester, WBUT /
Statement of responsibility N.K. Nag [and] A. Sikdar
260 ## - IMPRINT
Place of publication Kolkata
Name of publisher Kalyani Publishers
Date of publication c2009
650 ## - SUBJECT ADDED ENTRY--TOPICAL TERM
Topical term Mathematics
942 ## - ADDED ENTRY ELEMENTS (KOHA)
Koha item type Books
Holdings
Withdrawn status Lost status Source of classification Damaged status Not for loan Home library Current library Shelving location Date acquired Total Checkouts Call number Accession number Date last seen Price effective from Koha item type Copy number
    Dewey Decimal Classification     SEACOM MANAGEMENT COLLEGE SEACOM MANAGEMENT COLLEGE Reference 10/02/2010   510 N 147 M-2699 26/03/2025 26/03/2025 Reference Books  
    Dewey Decimal Classification     SEACOM MANAGEMENT COLLEGE SEACOM MANAGEMENT COLLEGE   10/02/2010   510 N 147 M-2700 26/03/2025 26/03/2025 Books 1
    Dewey Decimal Classification     SEACOM MANAGEMENT COLLEGE SEACOM MANAGEMENT COLLEGE   10/02/2010   510 N 147 M-2701 26/03/2025 26/03/2025 Books 2
    Dewey Decimal Classification     SEACOM MANAGEMENT COLLEGE SEACOM MANAGEMENT COLLEGE   10/02/2010   510 N 147 M-2702 26/03/2025 26/03/2025 Books 3
    Dewey Decimal Classification     SEACOM MANAGEMENT COLLEGE SEACOM MANAGEMENT COLLEGE   10/02/2010   510 N 147 M-2703 26/03/2025 26/03/2025 Books 4
    Dewey Decimal Classification     SEACOM MANAGEMENT COLLEGE SEACOM MANAGEMENT COLLEGE   10/02/2010   510 N 147 M-2704 26/03/2025 26/03/2025 Books 5
© Seacom Engineering College, All rights reserved.    Powered by Koha